| 000 | 00862nam a2200313Ia 4500 | ||
|---|---|---|---|
| 003 | OSt | ||
| 005 | 20140407104026.0 | ||
| 008 | 140130s9999 xx 000 0 und d | ||
| 020 | _a9788953912007 | ||
| 050 |
_aHV 1624.K4 _b.L86 2003 |
||
| 100 |
_aLundell, Margo. _931390 |
||
| 245 |
_cMargo Lundell. _aA girl named helen keller (w/cd) / |
||
| 260 |
_bScholastic Inc., _cc2003. _aUSA : |
||
| 300 |
_a30 p. : _bcol. ill. ; _c23 cm. |
||
| 440 | _v1 | ||
| 521 | _aG2 | ||
| 526 | _c350 | ||
| 650 |
_aKeller, Helen, 1880-1968 _xJuvenile literature. _931391 |
||
| 650 | _aKeller, Helen, 1880-1968. | ||
| 650 |
_aDeafblind women _xUnited States _xBiography _xJuvenile literature _931392 |
||
| 942 |
_cBK _2lcc |
||
| 999 |
_c41707 _d41707 |
||